Normal view
MARC view
Entry Topical Term
001 - CONTROL NUMBER
- control field: 700717
003 - CONTROL NUMBER IDENTIFIER
- control field: OSt
005 - DATE AND TIME OF LATEST TRANSACTION
- control field: 20221007095033.0
008 - FIXED-LENGTH DATA ELEMENTS
- fixed length control field: 221007|| aca||aabn | a|a d
040 ## - CATALOGING SOURCE
- Original cataloging agency: OSt
- Transcribing agency: OSt
150 ## - HEADING--TOPICAL TERM
- Topical term or geographic name entry element: FACTORIED ACT, 1948
670 ## - SOURCE DATA FOUND
- Source citation: Work cat.: (OSt)1170268: SRIVASTAVA S.C., Commentary on factories Act, 1948, 1999
